[Event "2BLN 2324 FC St. Pauli - SK Zehlendorf"]
[Site "?"]
[Date "2023.10.21"]
[Round "1.1"]
[White "Baskin, Robert"]
[Black "Socko, Bartosz"]
[Result "1/2-1/2"]
[WhiteElo "2451"]
[BlackElo "2544"]
[PlyCount "102"]
[EventDate "2023.??.??"]

1. e4 e5 2. Nf3 Nc6 3. Bb5 a6 4. Ba4 Nge7 5. c3 Ng6 6. d4 exd4 7. cxd4 Bb4+ 8. Nc3 d5 9. exd5 Bxc3+ 10. bxc3 Qxd5 11. Bb3 Qe4+ 12. Be3 O-O 13. O-O Bg4 14. h3 Bxf3 15. Qxf3 Qxf3 16. gxf3 Na5 17. Bc2 Nc4 18. Rfb1 Nd6 19. c4 Nxc4 20. Rxb7 Rae8 21. Be4 Nd6 22. Rxc7 Nxe4 23. fxe4 Rxe4 24. d5 Rd8 25. d6 Nf8 26. Rb1 g5 27. Rbb7 Rxd6 28. Rxf7 Rg6 29. Bc5 Rf4 30. Rxf8+ Rxf8 31. Bxf8 Kxf8 32. Rxh7 g4 33. h4 g3 34. f3 Rc6 35. Kg2 Rc2+ 36. Kxg3 Rxa2 37. f4 a5 38. Ra7 a4 39. Kg4 a3 40. Kf5 Kg8 41. Kf6 Rf2 42. f5 a2 43. h5 Rh2 44. Ra8+ Kh7 45. Ke6 Re2+ 46. Kf7 Rb2 47. f6 Rb7+ 48. Ke6 Rb6+ 49. Ke7 Rb7+ 50. Ke6 Rb6+ 51. Ke7 Rb7+ 1/2-1/2

[Event "2BLN 2324 FC St. Pauli - SK Zehlendorf"]
[Site "?"]
[Date "2023.10.21"]
[Round "1.2"]
[White "Janik, Igor"]
[Black "Lagunow, Raphael"]
[Result "1/2-1/2"]
[WhiteElo "2503"]
[BlackElo "2425"]
[PlyCount "75"]
[EventDate "2023.??.??"]

1. d4 d5 2. Nf3 Nf6 3. g3 Bf5 4. c4 c6 5. Nc3 e6 6. Nh4 dxc4 7. Nxf5 exf5 8. e3 Nbd7 9. Bxc4 Nb6 10. Bb3 Be7 11. Qf3 Qd7 12. a4 a5 13. O-O O-O 14. Rd1 Nbd5 15. Bd2 g6 16. Nxd5 Nxd5 17. Bxd5 cxd5 18. Rdc1 b5 19. axb5 Qxb5 20. b3 Rfc8 21. Qd1 Bb4 22. Bxb4 Qxb4 23. Qd3 Kg7 24. Kg2 Rxc1 25. Rxc1 a4 26. bxa4 Rxa4 27. Qe2 Ra5 28. h4 h5 29. Qc2 Qe7 30. Kg1 Qe4 31. Qxe4 fxe4 32. Rc6 Kf8 33. Rc7 Ke8 34. Kg2 Ra6 35. Rb7 Rf6 36. Ra7 Rf5 37. Kf1 Kf8 38. Kg2 1/2-1/2

[Event "2BLN 2324 FC St. Pauli - SK Zehlendorf"]
[Site "?"]
[Date "2023.10.21"]
[Round "1.3"]
[White "Sawlin, Leonid"]
[Black "Feuerstack, Aljoscha"]
[Result "1-0"]
[WhiteElo "2403"]
[BlackElo "2464"]
[PlyCount "47"]
[EventDate "2023.??.??"]

1. e4 c6 2. d4 d5 3. e5 Bf5 4. h4 h5 5. Bd3 Bxd3 6. Qxd3 e6 7. Nf3 Nh6 8. Bg5 Be7 9. Nbd2 Nf5 10. O-O-O Nd7 11. Kb1 f6 12. exf6 gxf6 13. Rde1 fxg5 14. Rxe6 Ng7 15. Nxg5 Kf8 16. Ndf3 Kg8 17. Rhe1 Bxg5 18. Nxg5 Nf8 19. Re7 Qd6 20. Rf7 Rh6 21. Ree7 Nge6 22. Qf5 Qh2 23. Rg7+ Kh8 24. Rh7+ 1-0

[Event "2BLN 2324 FC St. Pauli - SK Zehlendorf"]
[Site "?"]
[Date "2023.10.21"]
[Round "1.4"]
[White "Krause, Benedict"]
[Black "Brodowski, Piotr"]
[Result "1/2-1/2"]
[WhiteElo "2391"]
[BlackElo "2447"]
[PlyCount "104"]
[EventDate "2023.??.??"]

1. e4 g6 2. d4 Bg7 3. Nc3 c6 4. f4 d5 5. e5 h5 6. Nf3 Bg4 7. Be3 Nh6 8. h3 Nf5 9. Bf2 Bxf3 10. Qxf3 h4 11. Bd3 e6 12. O-O Bf8 13. Ne2 Nd7 14. Rfd1 Be7 15. b3 Ba3 16. c4 Qe7 17. Rab1 Bb4 18. Rbc1 Kf8 19. Kh2 Qd8 20. Ng1 Qa5 21. Qe2 Rd8 22. Nf3 Be7 23. Rc2 dxc4 24. bxc4 Nb6 25. Rb1 Kg7 26. Rb3 Qa4 27. Qe1 Rd7 28. c5 Nd5 29. Qd2 b5 30. Rcb2 Nc7 31. Be4 Nd5 32. Qe1 a5 33. a3 b4 34. Bxd5 Rxd5 35. axb4 Rb8 36. Qb1 axb4 37. Rxb4 Rxb4 38. Rxb4 Qa6 39. Rb6 Qe2 40. Rb2 Qc4 41. Rb7 Qe2 42. Qe1 Qa6 43. Rb6 Qa4 44. Rb7 Bd8 45. Nxh4 Nxh4 46. Bxh4 Qxd4 47. Bxd8 Qxf4+ 48. Qg3 Qxg3+ 49. Kxg3 Rxd8 50. Rc7 Rd5 51. Rxc6 Rxe5 52. Kf4 Kf6 1/2-1/2

[Event "2BLN 2324 FC St. Pauli - SK Zehlendorf"]
[Site "?"]
[Date "2023.10.21"]
[Round "1.5"]
[White "Stachowiak, Kamil"]
[Black "Krause, Jonah"]
[Result "1-0"]
[WhiteElo "2439"]
[BlackElo "2366"]
[PlyCount "109"]
[EventDate "2023.??.??"]

1. d4 Nf6 2. Nf3 g6 3. g3 Bg7 4. Bg2 O-O 5. c4 c6 6. O-O d5 7. Qa4 dxc4 8. Qxc4 Bf5 9. Nc3 Nbd7 10. Rd1 Qb6 11. Nh4 Be6 12. Qa4 a5 13. e4 Bg4 14. f3 Be6 15. Qc2 Bc4 16. Be3 Ba6 17. Bf2 Qd8 18. h3 e6 19. f4 Qe7 20. Nf3 Rac8 21. Rac1 b5 22. e5 Nd5 23. Ne4 Rc7 24. Nd6 N7b6 25. Nd2 h5 26. h4 Rd8 27. b3 Rxd6 28. exd6 Qxd6 29. Ne4 Qa3 30. Nc5 Bc8 31. Nd3 b4 32. Ne5 Ba6 33. Rd2 Nc3 34. Re1 Nbd5 35. Nxg6 fxg6 36. Qxg6 Rf7 37. Qxe6 a4 38. Qe8+ Bf8 39. Qxc6 Bb7 40. Qg6+ Rg7 41. Qe6+ Kh8 42. Re5 Qc1+ 43. Be1 Qb1 44. Rxh5+ Rh7 45. Rg5 Rg7 46. f5 a3 47. Kh2 Be7 48. Rh5+ Rh7 49. Rxh7+ Kxh7 50. Rf2 Bf6 51. Bd2 Bxd4 52. Qg6+ Kh8 53. Qh5+ Kg8 54. Qg4+ Bg7 55. Bh6 1-0

[Event "2BLN 2324 FC St. Pauli - SK Zehlendorf"]
[Site "?"]
[Date "2023.10.21"]
[Round "1.6"]
[White "Ertan, Can"]
[Black "Luch, Michal"]
[Result "0-1"]
[WhiteElo "2353"]
[BlackElo "2333"]
[PlyCount "54"]
[EventDate "2023.??.??"]

1. e4 e5 2. Nf3 Nc6 3. Bb5 a6 4. Ba4 Nf6 5. O-O b5 6. Bb3 Bb7 7. c3 Nxe4 8. d4 exd4 9. Re1 d5 10. Ng5 Qf6 11. Bxd5 Qxf2+ 12. Kh1 O-O-O 13. Nxe4 Qf5 14. Bxc6 Bxc6 15. Qf3 Qe6 16. Qe2 d3 17. Qe3 Re8 18. Ng5 Qxe3 19. Bxe3 Bc5 20. Bd2 Re2 21. Nf3 Rd8 22. b4 Bf2 23. Rf1 Rd6 24. Bg5 h6 25. Bh4 d2 26. Na3 Bxf3 27. Bxf2 Rxf2 0-1

[Event "2BLN 2324 FC St. Pauli - SK Zehlendorf"]
[Site "?"]
[Date "2023.10.21"]
[Round "1.7"]
[White "Lagunow, Alexander"]
[Black "Sawatzki, Frank"]
[Result "1-0"]
[WhiteElo "2351"]
[BlackElo "2354"]
[PlyCount "43"]
[EventDate "2023.??.??"]

1. Nf3 c5 2. c4 Nc6 3. d4 cxd4 4. Nxd4 Nf6 5. Nc3 e6 6. a3 Be7 7. e4 O-O 8. Be2 d5 9. exd5 exd5 10. Nxc6 bxc6 11. Be3 Be6 12. c5 Nd7 13. Na4 Bf6 14. O-O Ne5 15. Bd4 Nc4 16. b3 Na5 17. Rb1 Rb8 18. b4 Nc4 19. Rb3 Re8 20. Rf3 Bg4 21. Bxf6 Bxf3 22. Bxd8 1-0

[Event "2BLN 2324 FC St. Pauli - SK Zehlendorf"]
[Site "?"]
[Date "2023.10.21"]
[Round "1.8"]
[White "Mueller, Fabian"]
[Black "Klenburg, Michael"]
[Result "1/2-1/2"]
[WhiteElo "2309"]
[BlackElo "2329"]
[PlyCount "154"]
[EventDate "2023.??.??"]

1. e4 d6 2. d4 Nf6 3. Nc3 g6 4. Be3 c6 5. Qd2 Nbd7 6. Nf3 e5 7. Be2 Bg7 8. O-O O-O 9. Rad1 Qe7 10. Bg5 Re8 11. Rfe1 Nf8 12. d5 c5 13. h3 a6 14. a4 N8d7 15. Nh2 Qf8 16. Rb1 Kh8 17. a5 Ng8 18. Na4 f6 19. Be3 f5 20. f3 Ngf6 21. Qd3 Nh5 22. b4 cxb4 23. Rxb4 Bf6 24. exf5 Nc5 25. Nxc5 dxc5 26. Rc4 gxf5 27. Bxc5 Qg7 28. Bf1 Bd7 29. Rb4 Nf4 30. Qd2 Rac8 31. Be3 Nxh3+ 32. Kh1 f4 33. Ba7 Bf5 34. Rc4 Ng5 35. d6 Rxc4 36. Bxc4 Bd7 37. Rb1 Bc6 38. Bd5 Qd7 39. Bxc6 bxc6 40. Ng4 Bd8 41. Bb6 Ne4 42. fxe4 Qxg4 43. d7 Rg8 44. Rb3 Qg6 45. Qe2 Qe6 46. Rd3 Qg6 47. Rh3 Qg7 48. Rd3 Qg6 49. Qf3 Rf8 50. Qh3 Qg5 51. Bxd8 Rxd8 52. Qe6 Kg7 53. Kg1 Rb8 54. Kh2 Rd8 55. Qxc6 Qh4+ 56. Kg1 Qe1+ 57. Kh2 Qh4+ 58. Rh3 Qe7 59. Qh6+ Kg8 60. Rh5 Rxd7 61. Rg5+ Kh8 62. Qh5 Qf7 63. Qg4 Rc7 64. Rxe5 Rxc2 65. Qg5 Rc7 66. Qd8+ Kg7 67. Rf5 Qe7 68. Qd4+ Kg6 69. Rxf4 Rc5 70. Rg4+ Rg5 71. e5 Rxg4 72. Qxg4+ Kh6 73. Qf4+ Kg6 74. Qg4+ Kh6 75. e6 Qd6+ 76. g3 Qd2+ 77. Kh3 Qh2+ 1/2-1/2

[Event "2BLN 2324 Hamburger SK II - SC Rotation"]
[Site "?"]
[Date "2023.10.21"]
[Round "1.1"]
[White "Glek, Igor"]
[Black "Lubbe, Nikolas"]
[Result "1-0"]
[WhiteElo "2429"]
[BlackElo "2508"]
[PlyCount "67"]
[EventDate "2023.??.??"]

1. e4 c5 2. Nf3 e6 3. d3 Nc6 4. g3 g6 5. Bg5 Qb6 6. Qc1 Bg7 7. c3 d5 8. Bg2 h6 9. Be3 Nf6 10. O-O dxe4 11. dxe4 Nxe4 12. Nbd2 Nxd2 13. Nxd2 Ne5 14. Ne4 Nd7 15. Rd1 f5 16. Rxd7 Bxd7 17. Bxc5 Qc7 18. Nd6+ Kf8 19. Nxb7+ Kg8 20. Bd6 Qb6 21. Bc5 Qc7 22. Bd6 Qb6 23. Bc5 Qa6 24. Nd6 Rb8 25. Qd2 Bc6 26. Bf1 Qa4 27. b4 Ba8 28. b5 Kh7 29. Re1 e5 30. c4 a6 31. Re3 axb5 32. Ra3 Rhd8 33. Rxa4 bxa4 34. Bb4 1-0

[Event "2BLN 2324 Hamburger SK II - SC Rotation"]
[Site "?"]
[Date "2023.10.21"]
[Round "1.2"]
[White "Peyrer, Konstantin"]
[Black "Szelag, Marcin"]
[Result "1-0"]
[WhiteElo "2442"]
[BlackElo "2405"]
[PlyCount "107"]
[EventDate "2023.??.??"]

1. e4 c5 2. Nf3 d6 3. d4 cxd4 4. Nxd4 Nf6 5. Nc3 a6 6. Be2 e5 7. Nb3 Be7 8. O-O O-O 9. Qd3 b5 10. a4 b4 11. Nd5 Nxd5 12. Qxd5 Ra7 13. Be3 Be6 14. Qd2 Rb7 15. a5 Qd7 16. Bd3 Qc6 17. Qe2 d5 18. exd5 Bxd5 19. f3 f5 20. Nd2 Rc7 21. b3 e4 22. fxe4 fxe4 23. Bc4 Bf6 24. Rad1 Re8 25. Bxd5+ Qxd5 26. Nc4 Qe6 27. Rd6 Qe7 28. Qd2 Kh8 29. Qd5 Rd7 30. Bc5 Rxd6 31. Nxd6 Qe6 32. Qb7 Be7 33. Qc7 Bxd6 34. Bxd6 e3 35. Rf8+ Rxf8 36. Bxf8 Nd7 37. Bxb4 h5 38. Qc4 Qf6 39. Be1 Ne5 40. Qe4 Ng4 41. h3 Qa1 42. Kf1 Nf6 43. Qa8+ Kh7 44. Qxa6 Qe5 45. Qd3+ g6 46. a6 Nd5 47. a7 Nb6 48. Qa6 Qf5+ 49. Kg1 Qc5 50. Qb7+ Kh6 51. Qxb6 Qxb6 52. a8=Q e2+ 53. Kh1 Qf6 54. Qf3 1-0

[Event "2BLN 2324 Hamburger SK II - SC Rotation"]
[Site "?"]
[Date "2023.10.21"]
[Round "1.3"]
[White "Tomczak, Rafal"]
[Black "Colpe, Malte"]
[Result "1-0"]
[WhiteElo "2314"]
[BlackElo "2386"]
[PlyCount "95"]
[EventDate "2023.??.??"]

1. e4 e6 2. d4 d5 3. exd5 exd5 4. Bd3 Nc6 5. c3 Bd6 6. Qf3 Nf6 7. h3 Ne4 8. Ne2 O-O 9. Bf4 Bxf4 10. Nxf4 Bf5 11. O-O Qd6 12. Re1 Rae8 13. Na3 a6 14. Nc4 dxc4 15. Bxe4 Bxe4 16. Rxe4 f5 17. Re3 Re4 18. g3 Rfe8 19. Rae1 Rxe3 20. Rxe3 Rxe3 21. Qxe3 Ne7 22. d5 b5 23. Qd4 c5 24. Qe3 g5 25. Ne6 f4 26. Qxc5 Qxc5 27. Nxc5 Nxd5 28. Nxa6 Kf7 29. gxf4 Nxf4 30. Nc7 Nxh3+ 31. Kf1 Nf4 32. Nxb5 Nd3 33. Nd6+ Ke6 34. Nxc4 Kd5 35. Ne3+ Ke4 36. Nd1 h5 37. a4 h4 38. a5 Kd5 39. Ne3+ Kc6 40. b4 h3 41. Kg1 Kb5 42. Nd1 g4 43. Kh2 Ka6 44. f3 gxf3 45. Kxh3 Kb5 46. Kg3 Ne5 47. Kf4 Kc4 48. Kxe5 1-0

[Event "2BLN 2324 Hamburger SK II - SC Rotation"]
[Site "?"]
[Date "2023.10.21"]
[Round "1.4"]
[White "Woelk, Tom-Frederic"]
[Black "Dauth, Benjamin"]
[Result "1-0"]
[WhiteElo "2361"]
[BlackElo "2211"]
[PlyCount "45"]
[EventDate "2023.??.??"]

1. e4 e5 2. Nf3 Nc6 3. Bb5 Nd4 4. Nxd4 exd4 5. O-O g6 6. d3 Bg7 7. f4 Ne7 8. f5 c6 9. f6 Bxf6 10. Rxf6 cxb5 11. Qf3 d5 12. Rxf7 Nf5 13. exf5 Kxf7 14. fxg6+ Kxg6 15. Qg3+ Kf7 16. Bg5 Qd7 17. Nd2 Re8 18. h3 Re6 19. Rf1+ Ke8 20. Bh6 Qd6 21. Qg8+ Kd7 22. Rf7+ Re7 23. Bf8 1-0

[Event "2BLN 2324 Hamburger SK II - SC Rotation"]
[Site "?"]
[Date "2023.10.21"]
[Round "1.5"]
[White "Neumeier, Lars"]
[Black "Garner, Isaac"]
[Result "1-0"]
[WhiteElo "2312"]
[BlackElo "2309"]
[PlyCount "49"]
[EventDate "2023.??.??"]

1. d4 Nf6 2. Nf3 e6 3. c4 b6 4. g3 Ba6 5. Qc2 c5 6. Bg2 Nc6 7. dxc5 Bxc5 8. a3 Bb7 9. O-O O-O 10. Nc3 Rc8 11. Rd1 h6 12. Bf4 d5 13. cxd5 exd5 14. Qa4 Re8 15. e3 Bf8 16. g4 Na5 17. g5 Rc4 18. Qc2 Nh5 19. Bg3 Nxg3 20. hxg3 hxg5 21. b4 Qc7 22. Nxg5 g6 23. bxa5 Rxc3 24. Qa4 Rc4 25. Qxe8 1-0

[Event "2BLN 2324 Hamburger SK II - SC Rotation"]
[Site "?"]
[Date "2023.10.21"]
[Round "1.6"]
[White "Hommer, Jeremy"]
[Black "Seils, Joerg"]
[Result "1/2-1/2"]
[WhiteElo "2276"]
[BlackElo "2315"]
[PlyCount "117"]
[EventDate "2023.??.??"]

1. e4 Nf6 2. e5 Nd5 3. Nc3 e6 4. Nf3 d6 5. exd6 Bxd6 6. g3 O-O 7. Bg2 Nxc3 8. bxc3 e5 9. d3 Nd7 10. O-O c6 11. Nd2 Nb6 12. a4 a5 13. Nb3 Re8 14. c4 Nd7 15. Be3 Nf6 16. Rb1 Bb4 17. Bd2 Bf5 18. Bxb4 axb4 19. a5 e4 20. d4 Be6 21. Qe2 Qc8 22. Ra1 Bh3 23. Ra4 h5 24. Rxb4 h4 25. Nc5 Bg4 26. Qe3 h3 27. Bh1 Rxa5 28. Nxb7 Qb8 29. Nxa5 Qxb4 30. Qe1 Qa4 31. Qc3 c5 32. d5 Qd7 33. Nb3 Qe7 34. Re1 Bf5 35. Qe3 Qe5 36. Bf3 Qb2 37. Bd1 Bg4 38. Nd2 Bxd1 39. Rxd1 Qxc2 40. Qb3 Qd3 41. Qxd3 exd3 42. Nf1 Re4 43. Rxd3 Rxc4 44. d6 Nd7 45. f3 Kf8 46. Kf2 Rc2+ 47. Rd2 Rxd2+ 48. Nxd2 f5 49. g4 Kf7 50. gxf5 Kf6 51. Kg3 Kxf5 52. Kxh3 Kf4 53. Kg2 Ke3 54. Ne4 Kd4 55. Kg3 Ke5 56. Kf2 Kf4 57. Nd2 Ke5 58. Ne4 Kf4 59. Nd2 1/2-1/2

[Event "2BLN 2324 Hamburger SK II - SC Rotation"]
[Site "?"]
[Date "2023.10.21"]
[Round "1.7"]
[White "Guth, Thomas"]
[Black "Bracker, Frank"]
[Result "0-1"]
[WhiteElo "2232"]
[BlackElo "2299"]
[PlyCount "70"]
[EventDate "2023.??.??"]

1. e4 c5 2. Nf3 e6 3. Nc3 Nc6 4. d4 cxd4 5. Nxd4 Qc7 6. Be3 a6 7. Qd2 Nf6 8. f3 Be7 9. Be2 b5 10. O-O O-O 11. a3 Bb7 12. Kh1 Ne5 13. Bf4 d6 14. Rad1 Rfd8 15. Qe1 Rac8 16. Bg3 Ng6 17. f4 Nxe4 18. Nxe4 Bxe4 19. Bg4 Qb7 20. Rd2 Bf6 21. Nxe6 fxe6 22. Bxe6+ Kh8 23. Bxc8 Rxc8 24. Re2 d5 25. Qf2 Ne7 26. Bh4 Qc6 27. Rfe1 Nf5 28. Bxf6 Qxf6 29. c3 h5 30. Kg1 Kh7 31. Rd1 Rf8 32. g3 Qg6 33. Kf1 Qg4 34. Rdd2 Nh4 35. Re3 Nf3 0-1

[Event "2BLN 2324 Hamburger SK II - SC Rotation"]
[Site "?"]
[Date "2023.10.21"]
[Round "1.8"]
[White "Bracker, Arne"]
[Black "Daum, Norman"]
[Result "1-0"]
[WhiteElo "2279"]
[BlackElo "2152"]
[PlyCount "49"]
[EventDate "2023.??.??"]

1. e4 e6 2. d4 d5 3. Nc3 dxe4 4. Nxe4 Bd7 5. Nf3 Bc6 6. Bd3 Nd7 7. c3 Ngf6 8. Nxf6+ Nxf6 9. O-O Be7 10. Ne5 Be4 11. Bxe4 Nxe4 12. Qg4 Nd6 13. Qxg7 Bf6 14. Qg4 Qe7 15. Qh5 O-O-O 16. Bf4 Rdg8 17. Rfe1 Bg5 18. Bg3 f5 19. Nd3 Ne4 20. Be5 Bf6 21. f3 Bxe5 22. fxe4 Bd6 23. e5 Qg7 24. Nf4 Bf8 25. Qe8# 1-0

[Event "2BLN 2324 SF Berlin - SK Doppelbauer Tur"]
[Site "?"]
[Date "2023.10.21"]
[Round "1.1"]
[White "Olsen, Filip Boe"]
[Black "Tomczak, Jacek"]
[Result "0-1"]
[WhiteElo "2423"]
[BlackElo "2594"]
[PlyCount "86"]
[EventDate "2023.??.??"]

1. d4 Nf6 2. c4 g6 3. Nf3 Bg7 4. g3 d5 5. cxd5 Nxd5 6. Bg2 Nb6 7. O-O Nc6 8. e3 O-O 9. Nc3 a5 10. Qe2 e5 11. dxe5 Nxe5 12. Rd1 Nxf3+ 13. Bxf3 Qe7 14. e4 c6 15. Bf4 Be5 16. Be3 Qb4 17. Bd2 Nc4 18. Nd5 Qb5 19. Nc3 Qa6 20. Bh6 Re8 21. Rac1 a4 22. Bg2 Be6 23. f4 Qb6+ 24. Kh1 Ne3 25. fxe5 Ng4 26. h3 Nxh6 27. Rd6 Qc5 28. Qd2 Qxe5 29. Rxe6 Rxe6 30. Qxh6 Qxg3 31. e5 Qxe5 32. Ne4 Qxb2 33. Rf1 f5 34. Ng5 Re7 35. h4 Qg7 36. Qxg7+ Kxg7 37. Rd1 Ra5 38. Bf1 Rd5 39. Rc1 Rd4 40. Nf3 Rb4 41. Rc2 Re3 42. Kg2 a3 43. Kf2 Rb2 0-1

[Event "2BLN 2324 SF Berlin - SK Doppelbauer Tur"]
[Site "?"]
[Date "2023.10.21"]
[Round "1.2"]
[White "Moranda, Wojciech"]
[Black "Parvanyan, Ashot"]
[Result "1-0"]
[WhiteElo "2559"]
[BlackElo "2409"]
[PlyCount "47"]
[EventDate "2023.??.??"]

1. d4 Nf6 2. c4 g6 3. Nc3 Bg7 4. e4 d6 5. Be2 O-O 6. Be3 c5 7. d5 e6 8. Nf3 exd5 9. cxd5 Bg4 10. Nd2 Bxe2 11. Qxe2 Re8 12. O-O Na6 13. Kh1 Rb8 14. f3 Qd7 15. a4 Nc7 16. Nc4 b6 17. Qd2 Rbd8 18. Bg5 Qe7 19. Rae1 Qf8 20. f4 h6 21. Bh4 Rd7 22. Qd1 Kh7 23. Qf3 Rb8 24. Qh3 1-0

[Event "2BLN 2324 SF Berlin - SK Doppelbauer Tur"]
[Site "?"]
[Date "2023.10.21"]
[Round "1.3"]
[White "Barseghyan, Armen Ar."]
[Black "Blohberger, Felix"]
[Result "1/2-1/2"]
[WhiteElo "2342"]
[BlackElo "2522"]
[PlyCount "65"]
[EventDate "2023.??.??"]

1. Nf3 d5 2. d4 Nf6 3. c4 e6 4. e3 a6 5. a3 dxc4 6. Bxc4 b5 7. Ba2 c5 8. O-O Bb7 9. Nc3 Nbd7 10. Qe2 Bd6 11. Rd1 Qb8 12. h3 cxd4 13. exd4 O-O 14. Bg5 Re8 15. Re1 h6 16. Bxf6 Nxf6 17. Ne5 Qa7 18. Rad1 Rad8 19. Ng4 Nxg4 20. Qxg4 Qa8 21. d5 exd5 22. Rxe8+ Rxe8 23. Qf3 Be5 24. Bxd5 Bxd5 25. Nxd5 Qc8 26. b4 Re6 27. g3 g6 28. h4 h5 29. Re1 Kg7 30. Nf4 Bxf4 31. Rxe6 Qxe6 32. Qxf4 Qf6 33. Qe3 1/2-1/2

[Event "2BLN 2324 SF Berlin - SK Doppelbauer Tur"]
[Site "?"]
[Date "2023.10.21"]
[Round "1.4"]
[White "Sorensen, Hampus"]
[Black "Arndt, Magnus"]
[Result "1/2-1/2"]
[WhiteElo "2470"]
[BlackElo "2401"]
[PlyCount "105"]
[EventDate "2023.??.??"]

1. d4 Nf6 2. c4 e6 3. Nc3 Bb4 4. e3 O-O 5. Bd3 d5 6. a3 Bxc3+ 7. bxc3 c5 8. Ne2 b6 9. cxd5 exd5 10. O-O Ba6 11. dxc5 bxc5 12. Bxa6 Nxa6 13. c4 dxc4 14. Bb2 Ne4 15. Qa4 Qb6 16. Bc3 Nxc3 17. Nxc3 Qe6 18. Ne2 Nc7 19. Rac1 Nd5 20. Qxc4 Rac8 21. Rfd1 Nb6 22. Qxe6 fxe6 23. Nf4 Kf7 24. h4 Ke7 25. a4 a5 26. Rb1 Rb8 27. Rb5 Nxa4 28. Rxa5 Ra8 29. Rxa8 Rxa8 30. Rc1 Kd6 31. Nh5 Ra7 32. Ng3 Rc7 33. Ne4+ Kd5 34. f3 c4 35. Rd1+ Kc6 36. Rc1 Kb6 37. Kf2 Nc5 38. Rb1+ Ka5 39. Nxc5 Rxc5 40. Ke2 Rb5 41. Rxb5+ Kxb5 42. Kd2 Kb4 43. Kc2 c3 44. g4 Kc4 45. g5 h5 46. f4 Kd5 47. Kd3 c2 48. e4+ Kc5 49. Kxc2 Kd4 50. f5 exf5 51. exf5 Ke5 52. f6 gxf6 53. gxf6 1/2-1/2

[Event "2BLN 2324 SF Berlin - SK Doppelbauer Tur"]
[Site "?"]
[Date "2023.10.21"]
[Round "1.5"]
[White "Kopylov, Daniel"]
[Black "Schmidek, Emil"]
[Result "0-1"]
[WhiteElo "2317"]
[BlackElo "2433"]
[PlyCount "204"]
[EventDate "2023.??.??"]

1. e4 c6 2. d4 d5 3. Nc3 dxe4 4. Nxe4 Nf6 5. Nxf6+ exf6 6. c3 Bd6 7. Bd3 O-O 8. Qc2 Re8+ 9. Ne2 h5 10. O-O h4 11. h3 Nd7 12. Be3 Nf8 13. Rad1 Be6 14. Rfe1 Qd7 15. Nf4 Qc7 16. Nh5 Qa5 17. Qe2 Ng6 18. c4 Bf5 19. Nxf6+ gxf6 20. Qh5 Qxe1+ 21. Rxe1 Bxd3 22. b3 f5 23. Rd1 f4 24. Rxd3 fxe3 25. Rxe3 Rxe3 26. fxe3 Bg3 27. Kf1 Re8 28. Qf3 Nf4 29. d5 cxd5 30. cxd5 Ng6 31. Ke2 Bf4 32. e4 Rc8 33. Qg4 Rc7 34. Kd3 Kf8 35. Qf5 Be5 36. Qg5 Ke8 37. Qf5 Kf8 38. Qg5 Ke8 39. Qf5 a6 40. Qf2 Rc3+ 41. Kd2 Rc7 42. Qb6 Kd7 43. Qa7 Bf4+ 44. Ke2 Ne5 45. Qa8 Ng6 46. Qa7 Bd6 47. Qa8 Ke7 48. Kd1 Be5 49. Qg8 a5 50. Qa8 b6 51. Qa6 Bd4 52. Qa8 Nf4 53. Kd2 Be5 54. Qa6 f5 55. Qxb6 fxe4 56. d6+ Bxd6 57. Qxa5 Rc5 58. Qa7+ Ke6 59. Qa8 Re5 60. Qg8+ Kd7 61. Qf7+ Kc6 62. Qc4+ Kb7 63. Ke3 Nd5+ 64. Ke2 e3 65. a4 Rf5 66. Qb5+ Kc7 67. Qc4+ Kb7 68. Qb5+ Kc7 69. Qc4+ Kd8 70. Qxh4+ Be7 71. Qg3 Rf2+ 72. Qxf2 exf2 73. Kxf2 Kd7 74. Kf3 Ke6 75. Ke4 Bd6 76. g4 Be7 77. Kd4 Nf4 78. a5 Kd6 79. b4 Kc6 80. Ke4 Nxh3 81. a6 Bxb4 82. a7 Kb7 83. a8=Q+ Kxa8 84. g5 Nxg5+ 85. Kd5 Kb7 86. Kc4 Bd6 87. Kd5 Kc7 88. Kc4 Kc6 89. Kd4 Bf4 90. Kc4 Be5 91. Kb4 Kd5 92. Kb3 Ne4 93. Kb4 Nc5 94. Ka3 Kc4 95. Ka2 Kc3 96. Kb1 Ne4 97. Ka2 Bd6 98. Kb1 Nf2 99. Ka2 Kc2 100. Ka1 Nd3 101. Ka2 Nc1+ 102. Ka1 Be5# 0-1

[Event "2BLN 2324 SF Berlin - SK Doppelbauer Tur"]
[Site "?"]
[Date "2023.10.21"]
[Round "1.6"]
[White "Jakubowski, Krzysztof"]
[Black "Farokhi, Keyvan"]
[Result "1/2-1/2"]
[WhiteElo "2472"]
[BlackElo "2274"]
[PlyCount "99"]
[EventDate "2023.??.??"]

1. c4 e5 2. g3 c6 3. Nf3 e4 4. Nd4 d5 5. d3 Nf6 6. Bg2 Bc5 7. Nb3 Bb4+ 8. Bd2 Bxd2+ 9. Qxd2 exd3 10. cxd5 dxe2 11. Qxe2+ Qe7 12. Qxe7+ Kxe7 13. Nc3 cxd5 14. Bxd5 Rd8 15. O-O-O Na6 16. Rhe1+ Kf8 17. Bf3 Rxd1+ 18. Rxd1 Rb8 19. Rd8+ Ke7 20. Rxc8 Rxc8 21. Bxb7 Rxc3+ 22. bxc3 Nc7 23. Nd4 Ng4 24. Kd2 Nxf2 25. Nc6+ Kd6 26. Nxa7 Ng4 27. h3 Ne5 28. Nc8+ Kc5 29. Ne7 g6 30. g4 h5 31. gxh5 gxh5 32. Nf5 Ne6 33. h4 Nc4+ 34. Ke2 Nf4+ 35. Kf3 Ng6 36. Kg3 Nb6 37. Ne3 f5 38. Nxf5 Na4 39. Bc8 Nxc3 40. Be6 Kb4 41. Ne3 Ne2+ 42. Kf2 Nd4 43. Bf7 Nxh4 44. Bxh5 Nhf5 45. Nxf5 Nxf5 46. Bf7 Nd6 47. Bg8 Ne4+ 48. Ke3 Nc3 49. Kf4 Nxa2 50. Bxa2 1/2-1/2

[Event "2BLN 2324 SF Berlin - SK Doppelbauer Tur"]
[Site "?"]
[Date "2023.10.21"]
[Round "1.7"]
[White "Ermitsch, Magnus"]
[Black "Seyb, Alexander"]
[Result "0-1"]
[WhiteElo "2221"]
[BlackElo "2438"]
[PlyCount "66"]
[EventDate "2023.??.??"]

1. e4 c5 2. Nf3 d6 3. d4 cxd4 4. Nxd4 Nf6 5. Nc3 a6 6. Bg5 Nbd7 7. Bc4 Qb6 8. Bb3 e6 9. Bxf6 Nxf6 10. Qd2 g6 11. O-O-O Bg7 12. f4 O-O 13. Nf3 d5 14. e5 Nd7 15. h4 Nc5 16. h5 a5 17. hxg6 fxg6 18. Ng5 h6 19. Nxd5 Nxb3+ 20. axb3 exd5 21. Qxd5+ Kh8 22. Nf7+ Rxf7 23. Qxf7 Bf5 24. g4 Qe3+ 25. Kb1 Bxc2+ 26. Ka1 Rf8 27. Rhe1 Qf3 28. Qd5 Bxd1 29. Rxd1 Qxf4 30. e6 Qf6 31. Rd2 Re8 32. Rh2 Qxe6 33. Qxb7 Qxg4 0-1

[Event "2BLN 2324 SF Berlin - SK Doppelbauer Tur"]
[Site "?"]
[Date "2023.10.21"]
[Round "1.8"]
[White "Morgunov, Marc"]
[Black "Haug, Havard"]
[Result "1/2-1/2"]
[WhiteElo "2379"]
[BlackElo "2209"]
[PlyCount "60"]
[EventDate "2023.??.??"]

1. e4 c6 2. Nc3 d5 3. Nf3 dxe4 4. Nxe4 Nf6 5. Qe2 Nxe4 6. Qxe4 Qd5 7. Qf4 Qf5 8. Qe3 Qe6 9. b3 Qxe3+ 10. fxe3 Bf5 11. Bb2 f6 12. O-O-O e5 13. d4 exd4 14. exd4 Nd7 15. Re1+ Kd8 16. Nh4 Bg6 17. Nxg6 hxg6 18. Bd3 g5 19. c4 c5 20. Bf5 cxd4 21. Rd1 Kc7 22. Bxd4 Ba3+ 23. Kc2 Rhd8 24. Rhe1 Bd6 25. h3 b6 26. Bf2 Ne5 27. Bg3 Re8 28. Bxe5 Rxe5 29. Rxe5 fxe5 30. Be4 Rf8 1/2-1/2

[Event "2BLN 2324 SV Glückauf Rüdersdorf - Lü"]
[Site "?"]
[Date "2023.10.21"]
[Round "1.1"]
[White "Kalinitschew, Sergey"]
[Black "Kanarek, Marcel"]
[Result "1/2-1/2"]
[WhiteElo "2390"]
[BlackElo "2503"]
[PlyCount "77"]
[EventDate "2023.??.??"]

1. d4 d5 2. Bf4 Nf6 3. e3 c5 4. Nf3 Nc6 5. Nbd2 e6 6. Bb5 Be7 7. O-O O-O 8. dxc5 Bxc5 9. c4 Qb6 10. Nb3 dxc4 11. Bxc4 Be7 12. Qe2 a5 13. Rac1 a4 14. Nbd4 Nxd4 15. Nxd4 Ra5 16. Nb5 Nd5 17. Bg3 Bd7 18. Nd4 Bf6 19. Rfd1 Rc8 20. Bb5 Rxc1 21. Rxc1 Qd8 22. Bxd7 Qxd7 23. Nf3 Ra8 24. e4 Nb4 25. Rc7 Qd3 26. Qxd3 Nxd3 27. e5 Bd8 28. Rxb7 Kf8 29. h3 Ke8 30. Nd2 Nc5 31. Rb5 Be7 32. Bf4 Kd7 33. Nc4 Kc6 34. Rb6+ Kc7 35. Rb5 Kc6 36. Rb6+ Kc7 37. Rb5 Kc6 38. Rb6+ Kc7 39. Rb5 1/2-1/2

[Event "2BLN 2324 SV Glückauf Rüdersdorf - Lü"]
[Site "?"]
[Date "2023.10.21"]
[Round "1.2"]
[White "Pacan-Milej, Kosma"]
[Black "Bornholdt, Joa Max"]
[Result "1-0"]
[WhiteElo "2412"]
[BlackElo "2269"]
[PlyCount "67"]
[EventDate "2023.??.??"]

1. d4 d5 2. c4 e6 3. Nc3 Nf6 4. cxd5 exd5 5. Bg5 c6 6. e3 h6 7. Bh4 Be7 8. Bd3 O-O 9. Qc2 Ne8 10. Bxe7 Qxe7 11. Nf3 Nd6 12. O-O Qf6 13. b4 a6 14. a4 Bf5 15. Bxf5 Qxf5 16. Qxf5 Nxf5 17. Ne5 Nd6 18. b5 axb5 19. axb5 Rxa1 20. Rxa1 Re8 21. bxc6 bxc6 22. Ra7 f6 23. Nd3 Nc8 24. Rc7 Ne7 25. Nc5 Kf7 26. g4 h5 27. gxh5 Kg8 28. Ne2 Kh7 29. Ng3 Kg8 30. Kg2 Kf8 31. Rb7 Kg8 32. Kf3 Kh7 33. Kf4 Kg8 34. Nf5 1-0